Անցեք բովանդակությանը
Ayesha Abed Library
Լեզու
English
Deutsch
Español
Français
Italiano
日本語
Nederlands
Português
Português (Brasil)
中文(简体)
中文(繁體)
Türkçe
עברית
Gaeilge
Cymraeg
Ελληνικά
Català
Euskara
Русский
Čeština
Suomi
Svenska
polski
Dansk
slovenščina
اللغة العربية
বাংলা
Galego
Tiếng Việt
Hrvatski
हिंदी
Հայերէն
Українська
Բոլոր դաշտերը
Վերնագիր
Հեղինակ
Խորագիր
Դասիչ
ISBN/ISSN
Ցուցիչ
Գտեք
Ընդլայնված
Reinterpreting Property
Վկայակոչեք սա
Էլփոստով ուղարկեք սա
Տպել
Արտահանել գրառումը
Արտահանել դեպի RefWorks
Արտահանել դեպի EndNoteWeb
Արտահանել դեպի EndNote
Արտահանել դեպի MARC
Արտահանել դեպի MARCXML
Արտահանել դեպի BibTeX
Մշտական հղում
Reinterpreting Property
Մատենագիտական մանրամասներ
Հիմնական հեղինակ:
M. J. Radin
Ձևաչափ:
Անհայտ
Պահումներ
Նկարագրություն
Նմանատիպ նյութեր
Աշխատակազմի տեսք
LEADER
00179 a2200085 4500
020
|a
9780226702285
100
|a
M. J. Radin
|9
60201
245
|a
Reinterpreting Property
942
|c
BK
999
|c
47720
|d
47720
Նմանատիպ նյութեր
The reinterpretation of American economic history.
Հրապարակվել է: (1971)
Property law /
: Smith, Roger J. (Roger John), 1948-
Հրապարակվել է: (2020)
Property Law
: Gregory S. Alexander, Eduardo M. Peñalver
Հրապարակվել է: (2012)
Property : values and institutions /
: Dagan, Ḥanokh
Հրապարակվել է: (2011)
The idea of property in law /
: Penner, J. E. (James E.)
Հրապարակվել է: (1997)